| 000 | 01025nam a2200265 a 4500 | ||
|---|---|---|---|
| 001 | 3684 | ||
| 003 | CDMR | ||
| 005 | 20151022114202.0 | ||
| 008 | 130130s1980||||||||||||||||||||||||||||d | ||
| 020 | _a9233018024 (Unesco) | ||
| 020 | _a9681606302 (Fondo de Cultura Económica) | ||
| 040 |
_aCDMR _bcat _cCDMR |
||
| 245 | 1 | 3 |
_aUn solo mundo, voces múltiples _b: comunicación e información en nuestro tiempo _cSean MacBride... [et al.] |
| 260 |
_aParis _bUnesco |
||
| 260 |
_aMéxico _c[1980] _bFondo de Cultura Econòmica |
||
| 300 |
_a508 p. _c23 cm |
||
| 650 | 0 | 4 |
_92777 _aComunicació intercultural |
| 650 | 0 | 4 |
_92757 _aMitjans de comunicació de massa _xAspectes socials |
| 650 | 0 | 4 |
_94427 _aMitjans de comunicació de massa en el desenvolupament comunitari |
| 650 | 0 | 4 |
_92190 _aComunicació internacional |
| 700 | 1 |
_92623 _aMacbride, Sean |
|
| 710 | 2 |
_91452 _aUnesco |
|
| 856 | 4 | 0 |
_uhttp://unesdoc.unesco.org/images/0004/000400/040066sb.pdf _yDisponible en línia (PDF) _z-- Versió abreujada (Ed. 1987) |
| 942 |
_cMON _2udc |
||
| 999 |
_c3684 _d3684 |
||